000 01129nam a2200313 a 4500
001 000000708
003 DO-SdBPM
005 20250917135349.0
007 ta
008 090422s2008 dr a 000 0bspa d
020 _z9789945162127
040 _aDO-SdBPM
_bspa
_cBPMSU
_erda
_drda
082 4 _a923.57293
_bE77B, 2008
_222
100 1 _aBalcácer, Juan Daniel
_eautor
245 1 0 _aUlises Francisco Espaillat :
_bel presidente mártir /
_c Juan Daniel Balcácer
260 _b
264 _aSanto Domingo :
_bComisión Permanente de Efemérides Patrias,
_c2008
300 _a86 páginas :
_bilustraciones ;
_c20 cm.
336 _atexto
_btxt
_2rdacontent
337 _asin mediación
_bn
_2rdamedia
338 _avolumen
_bnc
_2rdacarrier
490 0 _a Publicaciones de la Comisión Permanente de Efemérides Patrias,
_v27
590 _aInventariado, 2025/VM
600 1 4 _aEspaillat Ulises, Francisco
_d1823-1878
651 7 _aRepública Dominicana
_xHistoria
_yRestauración 863-1865
651 7 _aRepública Dominicana
_xBiografías
910 _aVMateo V. Control de calidad BPMSU
942 _2ddc
_cBK
999 _c15402
_d15402